| Tag |
First Indicator |
Second Indicator |
Subfields |
| LEADER |
00000nam a2200000 4500 |
| 001 |
in00004336613 |
| 005 |
20200812101258.0 |
| 006 |
m g d |
| 007 |
cr bn |||a|bb| |
| 008 |
920930s1647 enk o 00| | eng d |
| 035 |
|
|
|a (UnM)99862221
|
| 037 |
|
|
|a CL0051000002
|b ProQuest Information and Learning. 300 N. Zeeb Rd., Ann Arbor, MI 48106
|
| 040 |
|
|
|a Cu-RivES
|c Cu-RivES
|d CStRLIN
|e dcrb
|d WaOLN
|
| 245 |
0 |
0 |
|a Londons metamorphosis: or, A dialogue between London & Amsterdam. :
|b Discoursing compendiously of the change of government, alteration of manners, and the escapes of sectaries. Amsterdam. In me both Jewes and Gentiles licens'd be, for to adore a severall deitie. London. Coblers preach here, as 'twere in Amsterdam, scorning, nè sutor ultra crepidam.
|
| 246 |
3 |
0 |
|a Londons metamorphosis
|
| 246 |
3 |
0 |
|a Dialogue between London & Amsterdam
|
| 260 |
|
|
|a [London :
|b publisher not identified],
|c Printed in the yeere 1647.
|
| 300 |
|
|
|a 1 online resource ([2], 6 pages)
|
| 336 |
|
|
|a text
|b txt
|2 rdacontent
|
| 337 |
|
|
|a computer
|b c
|2 rdamedia
|
| 338 |
|
|
|a online resource
|b cr
|2 rdacarrier
|
| 500 |
|
|
|a Annotation on Thomason copy: "July 22".
|
| 500 |
|
|
|a Reproduction of the original in the British Library.
|
| 510 |
4 |
|
|a Wing (2nd edition)
|c L2941.
|
| 510 |
4 |
|
|a Thomason
|c E.399[21].
|
| 533 |
|
|
|a Electronic reproduction.
|b Ann Arbor, Mich. :
|c UMI,
|d 1999-
|f (Early English books online)
|n Digital version of: (Thomason Tracts ; 63:E399[21])
|7 s1999 miun s
|
| 650 |
|
0 |
|a Christianity and other religions
|x Judaism
|v Early works to 1800.
|
| 650 |
|
0 |
|a Religious tolerance
|z England
|v Early works to 1800.
|
| 830 |
|
0 |
|a Early English books online.
|
| 856 |
4 |
0 |
|u http://proxy.library.tamu.edu/login?url=https://search.proquest.com/docview/2240956797
|z Connect to the full text of this electronic book
|t 0
|
| 999 |
f |
f |
|s 4a051ade-2042-34ac-bb86-a1c66b27e1a3
|i 55374eda-27c7-3466-94b0-5259c10d515c
|t 0
|
| 952 |
f |
f |
|a Texas A&M University
|b College Station
|c Electronic Resources
|d Available Online
|t 0
|h No information provided
|
| 998 |
f |
f |
|t 0
|l Available Online
|